Normal view
MARC view
- MODERN RADAR PRINCIPLES.RADAR BASIC PRINCIPLES
Entry Topical Term
001 - CONTROL NUMBER
- control field: 68304
003 - CONTROL NUMBER IDENTIFIER
- control field: NUST
005 - DATE AND TIME OF LATEST TRANSACTION
- control field: 20210628204025.0
008 - FIXED-LENGTH DATA ELEMENTS
- fixed length control field: 210628|| aca||aabn | a|a d
040 ## - CATALOGING SOURCE
- Original cataloging agency: NUST
- Transcribing agency: NUST
150 ## - HEADING--TOPICAL TERM
- Topical term or geographic name entry element: MODERN RADAR PRINCIPLES.RADAR BASIC PRINCIPLES
670 ## - SOURCE DATA FOUND
- Source citation: Work cat.: (NUST): Richard, Mark.A, Scheer, James .A, Holm, William.A 68303, Principles of modern radar, basic principles, 2010
